00922nmm a2200229 a 4500003000900000005001700009008004100026040001300067100002200080245007800102260008400180300002600264500004200290500012000332500010300452650001100555650001700566650002600583653002900609653002800638653002600666AR-BaBNM20251128205231.0077019s[ca. ||||||||||||||000 | spa|| cAR-BaBNM1 aCavazos, Lauro F.10aCrecer libre de drogasbguía de prevención para los padres de familia aWashington, D.C.bDepartamento de Educación de los Estados Unidosc[ca. 1980]0 a52 p.btablas, diagr.0 aContiene referencias bibliográficas0 aContiene guía de instituciones estadounidenses que se ocupan de los problemas de los padres con hijos drogadictos0 aContiene lista de material de lectura en inglés para alumnos de escuelas primarias y secundarias 4aDROGAS 4aDROGADICCION 4aRELACION PADRES-HIJOS 0aPREVENCION DE ADICCIONES 0aEDUCACION PARA LA SALUD 0aORIENTACION EDUCATIVA